Online
Catalog

Le nouveau théâtre québécois / (Record no. 17663)

MARC details
000 -CABECERA
campo de control de longitud fija 00749cam a2200241 a 4500
001 - NÚMERO DE CONTROL
campo de control 000018142
005 - FECHA Y HORA DE LA ÚLTIMA TRANSACCIÓN
campo de control 20200929165355.0
008 - DATOS DE LONGITUD FIJA--INFORMACIÓN GENERAL
campo de control de longitud fija 731019s1973 xxc b 000 0 fre d
040 ## - FUENTE DE LA CATALOGACIÓN
Centro catalogador/agencia de origen DO-SdBNP
Lengua de catalogación fre
Centro/agencia transcriptor DLC
Centro/agencia modificador BNPHU
082 ## - NÚMERO DE LA CLASIFICACIÓN DECIMAL DEWEY
Número de clasificación 842
Número de documento/Ítem B425n
049 ## - FONDOS LOCALES (OCLC)
Fondos de biblioteca BNGR
100 1# - ENTRADA PRINCIPAL--NOMBRE DE PERSONA
Nombre de persona Belair, Michel.
9 (RLIN) 39309
245 13 - MENCIÓN DE TÍTULO
Título Le nouveau théâtre québécois /
Mención de responsabilidad, etc. Michel Bélair.
260 ## - PUBLICACIÓN, DISTRIBUCIÓN, ETC.
Lugar de publicación, distribución, etc. Ottawa :
Nombre del editor, distribuidor, etc. Lemeac,
Fecha de publicación, distribución, etc. 1973.
300 ## - DESCRIPCIÓN FÍSICA
Extensión 205 p. ;
Dimensiones 20 cm.
490 1# - MENCIÓN DE SERIE
Mención de serie Dossiers
504 ## - NOTA DE BIBLIOGRAFÍA, ETC.
Nota de bibliografía, etc. Incluye notas al píe de las páginas
504 ## - NOTA DE BIBLIOGRAFÍA, ETC.
Nota de bibliografía, etc. Incluye referencias bibliográficas: p. 167-171.
650 #4 - PUNTO DE ACCESO ADICIONAL DE MATERIA--TÉRMINO DE MATERIA
Término de materia o nombre geográfico como elemento de entrada Teatro
Subdivisión geográfica Quebec (Provincia{Rpara}
9 (RLIN) 39310
650 #4 - PUNTO DE ACCESO ADICIONAL DE MATERIA--TÉRMINO DE MATERIA
Término de materia o nombre geográfico como elemento de entrada Literatura francesa
9 (RLIN) 1074
830 #0 - PUNTO DE ACCESO ADICIONAL DE SERIE-TÍTULO UNIFORME
Título uniforme Dossiers
9 (RLIN) 39311
910 ## - DATOS DE OPCIÓN DEL USUARIO (OCLC)
Datos de opción del usuario Catalogación por copia / LC
Holdings
Estado de retiro Estado de pérdida Restricciones de uso No para préstamo Código de colección Localización permanente Ubicación/localización actual Ubicación en estantería Fecha de adquisición Número de inventario Total de préstamos Signatura topográfica completa Código de barras Fecha visto por última vez Precio válido a partir de Tipo de ítem Koha
        Monografías: Libros y Folletos General General En catalogación 15.04.2010 LF1   842 B425n 18142-10 25.06.2020 25.06.2020 Préstamo en sala

Powered by Koha